[Event "CUB-ch (Women)"]
[Site "Holguin"]
[Date "2020.01.29"]
[Round "1"]
[White "Linares Napoles, Oleiny"]
[Black "Llaudy Pupo, Lisandra"]
[Result "0-1"]
[WhiteElo "2226"]
[BlackElo "2305"]
[PlyCount "96"]
[EventDate "2020.01.29"]
[EventType "tourn"]
[EventRounds "11"]
[EventCountry "CUB"]
[SourceTitle "CBM 195 Extra"]
[Source "ChessBase"]
[SourceDate "2020.05.31"]
[SourceVersion "1"]
[SourceVersionDate "2020.05.31"]
[SourceQuality "1"]

1. Nf3 Nf6 2. c4 e6 3. Nc3 d5 4. e3 Bd6 5. Be2 0-0 6. b3 c6 7. Bb2 Nbd7 8. Qc2 Qe7 9. g4 Nxg4 10. Rg1 f5 11. 0-0-0 Ba3 12. Rg2 Ngf6 13. Rdg1 Bxb2+ 14. Qxb2 Ne8 15. Ng5 Ndf6 16. f4 a6 17. d4 c5 18. Nf3 Rb8 19. dxc5 Qxc5 20. Nd4 dxc4 21. bxc4 Bd7 22. Kb1 Rf7 23. Rc1 Nd6 24. Qb3 Kh8 25. Rgg1 Nfe4 26. Nxe4 Nxe4 27. Ka1 e5 28. Nf3 exf4 29. exf4 Be6 30. Qb2 Rd7 31. Rg2 Rg8 32. Rcg1 Qc7 33. Ne5 Re7 34. Bd3 Nf6 35. Rg5 Qc5 36. R1g3 Rd8 37. Kb1 Rd6 38. Bc2 Rb6 39. Bb3 Rd6 40. Nf3 Bxc4 41. Rg1 Bxb3 42. axb3 Qe3 43. R5g3 Qxf4 44. Rc1 Rc6 45. Rd1 Qe4+ 46. Ka1 Rc5 47. b4 Ra5+ 48. bxa5 Qa4+ 0-1

[Event "Panama Caribe-ch (Women)"]
[Site "Panama"]
[Date "2019.08.15"]
[Round "3"]
[White "Carrillo Marval, Maria Angelica"]
[Black "Llaudy Pupo, Lisandra"]
[Result "0-1"]
[WhiteElo "1727"]
[BlackElo "2291"]
[PlyCount "94"]
[EventDate "2019.08.14"]
[EventType "swiss"]
[EventRounds "9"]
[EventCountry "PAN"]
[SourceTitle "EXT 2020"]
[Source "ChessBase"]
[SourceDate "2019.10.17"]
[SourceVersion "1"]
[SourceVersionDate "2019.10.17"]
[SourceQuality "1"]

1. e4 d6 2. d4 Nf6 3. Nc3 Nbd7 4. Nf3 e5 5. dxe5 dxe5 6. Be3 Bb4 7. Bd3 0-0 8. Qd2 c6 9. a3 Qa5 10. 0-0 Bxc3 11. Qxc3 Qxc3 12. bxc3 Ng4 13. Bd2 Nc5 14. h3 Nf6 15. Rfe1 Re8 16. Bg5 Nfd7 17. Nd2 b5 18. Nb3 Na4 19. c4 a6 20. Bd2 Nf8 21. Reb1 Be6 22. Na5 Rec8 23. Be2 Nd7 24. f3 Rab8 25. Rc1 Ndb6 26. cxb5 cxb5 27. Bb4 f6 28. f4 exf4 29. Bd6 Ra8 30. Bxf4 Nc4 31. Nxc4 Bxc4 32. Bf3 Ra7 33. Be3 Re7 34. Kf2 Bf7 35. Rab1 Rec7 36. Bd1 Nc3 37. Rb2 Nxe4+ 38. Kg1 Rc3 39. Bg4 R8c4 40. Be2 Rxe3 41. Bxc4 Bxc4 42. a4 Nc3 43. axb5 axb5 44. Ra1 h5 45. Ra7 h4 46. Rd7 Re1+ 47. Kf2 Rf1+ 0-1

[Event "Panama Caribe-ch (Women)"]
[Site "Panama"]
[Date "2019.08.15"]
[Round "2"]
[White "Llaudy Pupo, Lisandra"]
[Black "Gamboa Alvarado, Olga Leticia"]
[Result "1/2-1/2"]
[WhiteElo "2291"]
[BlackElo "1973"]
[PlyCount "103"]
[EventDate "2019.08.14"]
[EventType "swiss"]
[EventRounds "9"]
[EventCountry "PAN"]
[SourceTitle "EXT 2020"]
[Source "ChessBase"]
[SourceDate "2019.10.17"]
[SourceVersion "1"]
[SourceVersionDate "2019.10.17"]
[SourceQuality "1"]

1. e4 d6 2. d4 Nf6 3. Nc3 g6 4. Nf3 Bg7 5. Be2 c6 6. a4 0-0 7. 0-0 Nbd7 8. Bf4 Qa5 9. Nd2 e5 10. Nc4 Qc7 11. dxe5 dxe5 12. Be3 Rd8 13. Qd6 Qxd6 14. Nxd6 Nf8 15. Nxc8 Rdxc8 16. Rfd1 Ne6 17. Bc4 Bf8 18. Bxe6 fxe6 19. Bg5 Be7 20. Bxf6 Bxf6 21. Rd7 Rab8 22. Rad1 Rd8 23. g3 Rf8 24. Na2 Bd8 25. Kg2 Bb6 26. f3 Rbd8 27. Nc1 Rxd7 28. Rxd7 Rf7 29. Rd6 Re7 30. Nb3 Kf7 31. Rd3 Ke8 32. a5 Bc7 33. Rc3 Kf7 34. a6 bxa6 35. Rxc6 Bb6 36. Kf1 Rb7 37. Nc1 Rc7 38. Rxc7+ Bxc7 39. Nd3 a5 40. b3 Ke7 41. Ke2 Kd6 42. Kd2 Bb6 43. h3 Bd4 44. c3 Bg1 45. Ke2 Bb6 46. Nf2 Kc5 47. Nd3+ Kd6 48. h4 Bg1 49. Kf1 Bb6 50. Ke2 Bg1 51. Kf1 Bb6 52. Ke2 1/2-1/2

[Event "Holguin (Women)"]
[Site "Holguin"]
[Date "2019.01.30"]
[Round "2"]
[White "Llaudy Pupo, Lisandra"]
[Black "Arribas Robaina, Maritza"]
[Result "1/2-1/2"]
[WhiteElo "2292"]
[BlackElo "2226"]
[PlyCount "54"]
[EventDate "2019.01.29"]
[EventType "tourn"]
[EventRounds "11"]
[EventCountry "CUB"]
[SourceTitle "CBM 189 Extra"]
[Source "ChessBase"]
[SourceDate "2019.06.03"]
[SourceVersion "1"]
[SourceVersionDate "2019.06.03"]
[SourceQuality "1"]

1. e4 e5 2. Nc3 Nc6 3. Bc4 Nf6 4. d3 Bc5 5. Nf3 h6 6. a3 a6 7. Be3 d6 8. h3 Bxe3 9. fxe3 Be6 10. Bxe6 fxe6 11. 0-0 0-0 12. d4 exd4 13. exd4 e5 14. dxe5 dxe5 15. Qe2 Nh5 16. Rad1 Qe7 17. Qc4+ Kh7 18. Nd5 Qe6 19. Nb6 Qxc4 20. Nxc4 Rad8 21. Rxd8 Rxd8 22. Ncxe5 Nxe5 23. Nxe5 Re8 24. Nd3 Rxe4 25. Rf7 Rc4 26. c3 Nf6 27. Re7 Kg8 1/2-1/2

[Event "American Continental (Women) 11th"]
[Site "Envigado"]
[Date "2018.11.23"]
[Round "8"]
[White "Llaudy Pupo, Lisandra"]
[Black "Arribas Robaina, Maritza"]
[Result "1/2-1/2"]
[WhiteElo "2302"]
[BlackElo "2257"]
[PlyCount "44"]
[EventDate "2018.11.17"]
[EventType "swiss"]
[EventRounds "9"]
[EventCountry "COL"]
[SourceTitle "CBM 187 Extra"]
[Source "ChessBase"]
[SourceDate "2018.11.04"]
[SourceVersion "1"]
[SourceVersionDate "2018.11.04"]
[SourceQuality "1"]

1. e4 e5 2. Nf3 Nc6 3. Bb5 Nf6 4. d3 Bc5 5. c3 d6 6. 0-0 0-0 7. h3 Ne7 8. Re1 Bb6 9. Nbd2 c6 10. Ba4 Ng6 11. Nf1 Re8 12. Ng3 h6 13. d4 Bc7 14. c4 Bd7 15. d5 cxd5 16. Bxd7 Qxd7 17. cxd5 Ba5 18. Bd2 Bxd2 19. Nxd2 Rac8 20. Qb3 Rc5 21. Rac1 Rec8 22. Rxc5 Rxc5 1/2-1/2

[Event "Olympiad Women-43"]
[Site "Batumi"]
[Date "2018.10.02"]
[Round "8.4"]
[White "Llaudy Pupo, Lisandra"]
[Black "Nguyen, Thi Mai Hung"]
[Result "1/2-1/2"]
[WhiteElo "2294"]
[BlackElo "2244"]
[PlyCount "82"]
[EventDate "2018.09.24"]
[EventType "team-swiss"]
[EventRounds "11"]
[EventCountry "GEO"]
[SourceTitle "EXT 2020"]
[Source "ChessBase"]
[SourceDate "2019.10.17"]
[SourceVersion "1"]
[SourceVersionDate "2019.10.17"]
[SourceQuality "1"]
[WhiteTeam "Cuba (W)"]
[BlackTeam "Vietnam (W)"]
[WhiteTeamCountry "CUB"]
[BlackTeamCountry "VIE"]

1. e4 e6 2. d4 d5 3. Nd2 c5 4. exd5 exd5 5. dxc5 Bxc5 6. Nb3 Bb6 7. Nf3 Nc6 8. Bd3 Bg4 9. 0-0 Nge7 10. Re1 Qd7 11. Bg5 f6 12. Be3 Bc7 13. Bc5 0-0 14. Bb5 Bd6 15. h3 Bh5 16. Bxd6 Qxd6 17. Be2 Rfe8 18. Nfd4 Bg6 19. Nb5 Qd8 20. Bh5 Ne5 21. Bxg6 hxg6 22. Nc3 Rc8 23. Qe2 a6 24. Rad1 Qd7 25. Kh1 Nc4 26. Qf3 Nxb2 27. Rd4 Rc4 28. Nxd5 Rxd4 29. Nxd4 Nxd5 30. Rxe8+ Qxe8 31. Qxd5+ Kh7 32. Ne6 b5 33. f4 Nc4 34. f5 gxf5 35. Qxf5+ Kg8 36. Qg4 Qd7 37. Qe4 Qd1+ 38. Kh2 Qd6+ 39. Kh1 Qd1+ 40. Kh2 Qd6+ 41. Kh1 Qd1+ 1/2-1/2

[Event "Olympiad Women-43"]
[Site "Batumi"]
[Date "2018.09.24"]
[Round "1.21"]
[White "Llaudy Pupo, Lisandra"]
[Black "Al Fayyadh, Zainab Asif Abdulah"]
[Result "1-0"]
[WhiteElo "2294"]
[BlackElo "1705"]
[PlyCount "125"]
[EventDate "2018.09.24"]
[EventType "team-swiss"]
[EventRounds "11"]
[EventCountry "GEO"]
[SourceTitle "EXT 2020"]
[Source "ChessBase"]
[SourceDate "2019.10.17"]
[SourceVersion "1"]
[SourceVersionDate "2019.10.17"]
[SourceQuality "1"]
[WhiteTeam "Cuba (W)"]
[BlackTeam "Iraq (W)"]
[WhiteTeamCountry "CUB"]
[BlackTeamCountry "IRQ"]

1. e4 e5 2. Nf3 Nc6 3. Bc4 Nf6 4. d3 Be7 5. 0-0 0-0 6. Re1 d6 7. a4 Bg4 8. h3 Bh5 9. c3 h6 10. Nbd2 Nh7 11. a5 a6 12. Qb3 Qd7 13. Bd5 Rab8 14. Qa4 Ng5 15. Nxg5 Bxg5 16. Nf1 Bxc1 17. Raxc1 Kh8 18. Ne3 Bg6 19. g4 Qe7 20. b4 Nd8 21. Nf5 Bxf5 22. exf5 c6 23. Bg2 Qh4 24. Qd1 f6 25. c4 Nf7 26. Qf3 Ng5 27. Qg3 Qxg3 28. fxg3 Kg8 29. Rb1 Ra8 30. Ra1 Rfd8 31. Rec1 Rd7 32. b5 d5 33. bxc6 bxc6 34. h4 Nf7 35. cxd5 cxd5 36. Rab1 Raa7 37. Rc5 d4 38. Rb6 Kf8 39. Rcc6 Nd8 40. Rc1 Ke7 41. Rc8 Kf7 42. Bf3 Ke7 43. Kh2 Nb7 44. Re6+ Kf7 45. g5 hxg5 46. Bh5+ g6 47. Bxg6+ Kg7 48. Ree8 gxh4 49. gxh4 Nd8 50. Rcxd8 Rxd8 51. Rxd8 Rc7 52. Ra8 Rd7 53. Rxa6 e4 54. dxe4 d3 55. Bh5 d2 56. Bd1 Rd4 57. Re6 Rc4 58. Rd6 Rxe4 59. Rxd2 Rxh4+ 60. Kg3 Rc4 61. Ra2 Rc7 62. a6 Ra7 63. Be2 1-0

[Event "Capablanca Memorial op 53rd"]
[Site "Havana"]
[Date "2018.05.17"]
[Round "8"]
[White "Llaudy Pupo, Lisandra"]
[Black "Alvarez Calzadilla, Jose Avelino"]
[Result "1-0"]
[WhiteElo "2320"]
[BlackElo "2171"]
[PlyCount "85"]
[EventDate "2018.05.09"]
[EventType "swiss"]
[EventRounds "10"]
[EventCountry "CUB"]
[SourceTitle "EXT 2021"]
[Source "ChessBase"]
[SourceDate "2020.10.23"]
[SourceVersion "1"]
[SourceVersionDate "2020.10.23"]
[SourceQuality "1"]

1. e4 e5 2. Nf3 Nc6 3. Bb5 a6 4. Ba4 Nf6 5. d3 d6 6. c4 g6 7. Nc3 Bg7 8. h3 0-0 9. Be3 Bd7 10. Qd2 Nb8 11. Bxd7 Nbxd7 12. 0-0 Qe7 13. Rac1 c6 14. Rfe1 b5 15. cxb5 axb5 16. a3 Nc5 17. Qd1 Ne6 18. d4 exd4 19. Nxd4 Nxd4 20. Bxd4 Ne8 21. Bxg7 Nxg7 22. Na2 Qe5 23. Qd2 c5 24. f4 Qe7 25. Nc3 Rfb8 26. Nd5 Qd8 27. f5 Rb7 28. Rf1 g5 29. f6 Ne6 30. Rf5 h6 31. h4 Ra4 32. hxg5 hxg5 33. b4 c4 34. e5 Kf8 35. Rd1 Rxa3 36. Qe2 Rd3 37. Rxd3 cxd3 38. Qxd3 dxe5 39. Qh3 Ke8 40. Rxe5 Kd7 41. Ne7 Qb6+ 42. Kh1 Kc7 43. Nd5+ 1-0

[Event "Capablanca Memorial op 53rd"]
[Site "Havana"]
[Date "2018.05.11"]
[Round "3"]
[White "Llaudy Pupo, Lisandra"]
[Black "Rios, Cristhian Camilo"]
[Result "0-1"]
[WhiteElo "2320"]
[BlackElo "2445"]
[PlyCount "84"]
[EventDate "2018.05.09"]
[EventType "swiss"]
[EventRounds "10"]
[EventCountry "CUB"]
[SourceTitle "EXT 2019"]
[Source "ChessBase"]
[SourceDate "2018.10.10"]
[SourceVersion "1"]
[SourceVersionDate "2018.10.10"]
[SourceQuality "1"]

1. e4 c5 2. Nf3 e6 3. d4 cxd4 4. Nxd4 Nf6 5. Bd3 a6 6. Qe2 d6 7. c4 g6 8. Nc3 Bg7 9. Nf3 Nc6 10. h3 0-0 11. Bf4 Nh5 12. Bd2 Nb4 13. Bb1 b5 14. a3 Nc6 15. 0-0 bxc4 16. Qxc4 Na5 17. Qa2 d5 18. exd5 exd5 19. Bg5 f6 20. Be3 Nc4 21. Bc5 Re8 22. Rd1 Be6 23. Nd4 Bf7 24. Bc2 Nf4 25. Ba4 Re5 26. Nc6 Qc7 27. Nxe5 fxe5 28. b4 e4 29. Ne2 Nd3 30. Rab1 a5 31. Qb3 axb4 32. axb4 Ncb2 33. Rxb2 Nxb2 34. Ra1 Nd3 35. Bd4 Bxd4 36. Nxd4 Qb6 37. Qc3 Qxb4 38. Qc6 Rb8 39. Qf6 Qb2 40. Rf1 Rb4 41. Be8 Bxe8 42. Qe6+ Bf7 0-1

[Event "CUB-ch (Women)"]
[Site "Holguin"]
[Date "2018.02.08"]
[Round "10"]
[White "Llaudy Pupo, Lisandra"]
[Black "Miranda Llanes, Yerisbel"]
[Result "1/2-1/2"]
[WhiteElo "2301"]
[BlackElo "2272"]
[PlyCount "32"]
[EventDate "2018.01.29"]
[EventType "tourn"]
[EventRounds "11"]
[EventCountry "CUB"]
[SourceTitle "CBM 182 Extra"]
[Source "ChessBase"]
[SourceDate "2018.02.23"]
[SourceVersion "1"]
[SourceVersionDate "2018.02.23"]
[SourceQuality "1"]

1. e4 e5 2. Nc3 Nc6 3. Bc4 Nf6 4. d3 Na5 5. Nge2 Nxc4 6. dxc4 Bc5 7. Qd3 d6 8. Na4 Be6 9. 0-0 Qd7 10. b3 Qc6 11. Nxc5 Qxc5 12. Nc3 h6 13. Nd5 Bxd5 14. cxd5 a6 15. Be3 Qb5 16. c4 Qd7 1/2-1/2

[Event "CUB-ch (Women)"]
[Site "Holguin"]
[Date "2018.01.31"]
[Round "3"]
[White "Llaudy Pupo, Lisandra"]
[Black "Ramon Pita, Vivian"]
[Result "1-0"]
[WhiteElo "2301"]
[BlackElo "2161"]
[PlyCount "107"]
[EventDate "2018.01.29"]
[EventType "tourn"]
[EventRounds "11"]
[EventCountry "CUB"]
[SourceTitle "CBM 182 Extra"]
[Source "ChessBase"]
[SourceDate "2018.02.23"]
[SourceVersion "1"]
[SourceVersionDate "2018.02.23"]
[SourceQuality "1"]

1. e4 e5 2. Nf3 Nc6 3. Bb5 a6 4. Ba4 d6 5. c3 Bd7 6. 0-0 g6 7. d4 Bg7 8. Bg5 f6 9. Be3 Nh6 10. Qc1 Nf7 11. Bb3 Qe7 12. Nbd2 0-0 13. d5 Ncd8 14. c4 b6 15. Re1 Nb7 16. Bc2 a5 17. b3 Rfc8 18. Nb1 Qf8 19. Nc3 Bh6 20. a3 Bxe3 21. Rxe3 Qh6 22. Nd2 Kh8 23. Nb5 c5 24. dxc6 Bxc6 25. Qd1 Nc5 26. Nf1 Bxb5 27. cxb5 Ne6 28. Bd3 Nd4 29. Rh3 Qg7 30. Ne3 Rab8 31. Nd5 Ng5 32. Re3 Nge6 33. a4 Nc7 34. Nc3 Nce6 35. Bc4 Nf4 36. g3 Nh3+ 37. Kg2 Ng5 38. h4 Nf7 39. Rd3 f5 40. h5 Rc5 41. hxg6 Qxg6 42. exf5 Qxf5 43. f4 Ne6 44. Bxe6 Qxe6 45. Ne4 Rbc8 46. Nxd6 Nxd6 47. Rxd6 Qf5 48. Qd3 Rc2+ 49. Kg1 Rg8 50. Rd8 Rxd8 51. Qxd8+ Kg7 52. Rd1 exf4 53. Rd7+ Kh6 54. Qh4+ 1-0

[Event "Capablanca Memorial op 52nd"]
[Site "Matanzas"]
[Date "2017.05.28"]
[Round "2"]
[White "Serrato, Rafael Antonio"]
[Black "Llaudy Pupo, Lisandra"]
[Result "0-1"]
[WhiteElo "1836"]
[BlackElo "2255"]
[PlyCount "84"]
[EventDate "2017.05.27"]
[EventType "swiss"]
[EventRounds "10"]
[EventCountry "CUB"]
[SourceTitle "EXT 2018"]
[Source "ChessBase"]
[SourceDate "2017.10.13"]
[SourceVersion "1"]
[SourceVersionDate "2017.10.13"]
[SourceQuality "1"]

1. d4 Nf6 2. Nf3 e6 3. Bf4 b6 4. e3 Bb7 5. Nbd2 Be7 6. Bd3 Nh5 7. Bg3 Nxg3 8. hxg3 h6 9. Qe2 c5 10. c3 Qc7 11. g4 Nc6 12. g5 0-0-0 13. gxh6 Rxh6 14. Rxh6 gxh6 15. 0-0-0 cxd4 16. exd4 Rg8 17. g3 Nb4 18. Bc4 d5 19. Bb5 a6 20. Ba4 b5 21. Bb3 Nc6 22. Kb1 Kb8 23. Rh1 Bf8 24. Rh5 Bg7 25. Qd3 Rh8 26. Nf1 Na5 27. Ne3 Nc4 28. Ng4 f5 29. Ngh2 Qf7 30. Rh3 Bc8 31. Bxc4 dxc4 32. Qe3 Bb7 33. Ne5 Qc7 34. f4 Be4+ 35. Kc1 Bxe5 36. fxe5 Qa5 37. Rxh6 Rg8 38. d5 Bxd5 39. Rh7 Bb7 40. Qc5 Rd8 41. Nf3 Bxf3 42. b3 Qxc3+ 0-1

[Event "Pan American-ch (Women)"]
[Site "Manzanillo"]
[Date "2016.11.07"]
[Round "3"]
[White "Cori Tello, Deysi Estella"]
[Black "Llaudy Pupo, Lisandra"]
[Result "1-0"]
[WhiteElo "2399"]
[BlackElo "2277"]
[PlyCount "135"]
[EventDate "2016.11.06"]
[EventType "swiss"]
[EventRounds "9"]
[EventCountry "MEX"]
[SourceTitle "EXT 2024"]
[Source "ChessBase"]
[SourceDate "2023.10.10"]
[SourceVersion "1"]
[SourceVersionDate "2023.10.10"]
[SourceQuality "1"]

1. d4 Nf6 2. Nf3 e6 3. e3 b6 4. Bd3 Bb7 5. 0-0 Be7 6. c4 c5 7. Nc3 0-0 8. d5 exd5 9. cxd5 d6 10. e4 Nbd7 11. h3 Re8 12. Re1 a6 13. a4 Bf8 14. Bf4 Qc7 15. Rc1 g6 16. b3 Bg7 17. Nb1 Nh5 18. Be3 Ne5 19. Nxe5 Bxe5 20. Nd2 Bb2 21. Nc4 Bg7 22. g4 Nf6 23. Bf4 Bf8 24. Bg3 b5 25. Na3 Qb6 26. Qd2 Nd7 27. Bf1 Ne5 28. Bg2 Bg7 29. Kh2 Rac8 30. f4 Nd7 31. g5 c4 32. bxc4 b4 33. Rb1 Bc3 34. Qe2 Qa5 35. Nc2 Qxa4 36. Ne3 a5 37. e5 dxe5 38. f5 Ba6 39. Rf1 Rf8 40. d6 Bd4 41. Nd5 Bxc4 42. Ne7+ Kh8 43. Qe4 Bxf1 44. Rxf1 Rc4 45. Kh1 Qc2 46. Qh4 h5 47. Be4 Bc5 48. Bxc2 Rxh4 49. Bxh4 Bxd6 50. f6 Nc5 51. Rd1 Bc7 52. Bf2 Ne6 53. Bb3 Nxg5 54. Be3 Ne4 55. Rd7 Bd8 56. Bh6 Nxf6 57. Nxg6+ Kg8 58. Nxf8 Nxd7 59. Nxd7 Bc7 60. Nf6+ Kh8 61. Kg2 Bd8 62. Bg5 Bb6 63. Kf3 Kg7 64. h4 Bd4 65. Ke4 Bc3 66. Nxh5+ Kg6 67. Nf6 Bb2 68. Bc2 1-0

[Event "Olympiad Women-42"]
[Site "Baku"]
[Date "2016.09.13"]
[Round "11.4"]
[White "Vujnovic, Patricija"]
[Black "Llaudy Pupo, Lisandra"]
[Result "0-1"]
[WhiteElo "2137"]
[BlackElo "2269"]
[PlyCount "100"]
[EventDate "2016.09.02"]
[EventType "team-swiss"]
[EventRounds "11"]
[EventCountry "AZE"]
[SourceTitle "CBM 174 Extra"]
[Source "ChessBase"]
[SourceDate "2016.10.10"]
[SourceVersion "1"]
[SourceVersionDate "2016.10.10"]
[SourceQuality "1"]
[WhiteTeam "Croatia (W)"]
[BlackTeam "Cuba (W)"]
[WhiteTeamCountry "CRO"]
[BlackTeamCountry "CUB"]

1. d4 Nf6 2. Nf3 e6 3. Bf4 b6 4. e3 Bb7 5. Nbd2 Be7 6. h3 Bd6 7. Ne5 0-0 8. Bg5 Be7 9. Bd3 d6 10. Ng4 Nbd7 11. Nxf6+ Nxf6 12. 0-0 c5 13. c3 Nd5 14. Bxe7 Qxe7 15. c4 Nb4 16. Bb1 cxd4 17. exd4 Qh4 18. Qg4 Qxg4 19. hxg4 Rac8 20. Rc1 d5 21. a3 Na6 22. Ba2 dxc4 23. Rxc4 Rxc4 24. Nxc4 Rd8 25. Rd1 Bd5 26. b3 Nc7 27. Ne3 Nb5 28. Nxd5 Rxd5 29. b4 Rxd4 30. Rxd4 Nxd4 31. Bb1 h6 32. f3 Kf8 33. Kf2 Ke7 34. Bd3 Kd6 35. Ke3 Nc6 36. Ba6 Ne7 37. g3 Nd5+ 38. Kd3 g5 39. Kd4 f5 40. gxf5 exf5 41. Bd3 Ne7 42. Kc4 h5 43. Kb5 h4 44. gxh4 gxh4 45. Ka6 h3 46. Bf1 h2 47. Bg2 f4 48. Kxa7 Kc6 49. a4 Nd5 50. a5 b5 0-1

[Event "Olympiad Women-42"]
[Site "Baku"]
[Date "2016.09.12"]
[Round "10.3"]
[White "Atabayeva, Gozel"]
[Black "Llaudy Pupo, Lisandra"]
[Result "0-1"]
[WhiteElo "2021"]
[BlackElo "2269"]
[PlyCount "128"]
[EventDate "2016.09.02"]
[EventType "team-swiss"]
[EventRounds "11"]
[EventCountry "AZE"]
[SourceTitle "CBM 174 Extra"]
[Source "ChessBase"]
[SourceDate "2016.10.10"]
[SourceVersion "1"]
[SourceVersionDate "2016.10.10"]
[SourceQuality "1"]
[WhiteTeam "Turkmenistan (W)"]
[BlackTeam "Cuba (W)"]
[WhiteTeamCountry "TKM"]
[BlackTeamCountry "CUB"]

1. d4 Nf6 2. Nf3 e6 3. e3 b6 4. Bd3 Bb7 5. Nbd2 c5 6. b3 Nc6 7. a3 cxd4 8. exd4 Nd5 9. Ne4 Qc7 10. c4 Nf4 11. Bxf4 Qxf4 12. g3 Qc7 13. 0-0 Be7 14. Re1 d5 15. cxd5 exd5 16. Nc3 Qd8 17. Ne5 Nxe5 18. Rxe5 0-0 19. h4 Bf6 20. Re3 g6 21. Ne2 Re8 22. Qd2 Qd6 23. h5 Rxe3 24. Qxe3 Qe7 25. Qf3 Bg5 26. g4 Qe6 27. Qg3 Re8 28. f4 Qe3+ 29. Qxe3 Rxe3 30. Rd1 Bh4 31. hxg6 hxg6 32. f5 gxf5 33. gxf5 Kg7 34. Kg2 Kf6 35. Nf4 Rg3+ 36. Kh2 Rf3 37. Nh5+ Kg5 38. Ng7 Re3 39. Rd2 Bc8 40. Bc2 Kh6 41. f6 Bxf6 42. Nf5+ Bxf5 43. Bxf5 Rxb3 44. a4 Rb4 45. Bd7 Bxd4 46. Kh3 Kg5 47. Rg2+ Kf6 48. Rg8 Bc5 49. Kg3 Re4 50. Bc6 Re3+ 51. Kf4 d4 52. Rd8 Re6 53. Bb5 Bd6+ 54. Kf3 Re3+ 55. Kf2 Bc5 56. Kf1 Kg5 57. Rd7 Re7 58. Rd5+ Kf4 59. Rh5 Re3 60. Rd5 f5 61. Rd7 Re7 62. Rxe7 Bxe7 63. Ke2 Kg3 64. Bd3 f4 0-1

[Event "Olympiad Women-42"]
[Site "Baku"]
[Date "2016.09.10"]
[Round "8.3"]
[White "Collazo Hidalgo Gato, Niala"]
[Black "Llaudy Pupo, Lisandra"]
[Result "0-1"]
[WhiteElo "2268"]
[BlackElo "2269"]
[PlyCount "78"]
[EventDate "2016.09.02"]
[EventType "team-swiss"]
[EventRounds "11"]
[EventCountry "AZE"]
[SourceTitle "CBM 174 Extra"]
[Source "ChessBase"]
[SourceDate "2016.10.10"]
[SourceVersion "1"]
[SourceVersionDate "2016.10.10"]
[SourceQuality "1"]
[WhiteTeam "Spain (W)"]
[BlackTeam "Cuba (W)"]
[WhiteTeamCountry "ESP"]
[BlackTeamCountry "CUB"]

1. e4 e6 2. d3 c5 3. g3 Nc6 4. Bg2 g6 5. Nc3 Bg7 6. Nh3 Nge7 7. f4 d5 8. e5 Nf5 9. 0-0 h5 10. Qe1 Ncd4 11. Qd1 Bd7 12. Ne2 Ba4 13. b3 Bc6 14. c3 Nxe2+ 15. Qxe2 Qb6 16. Kh1 a5 17. Bd2 a4 18. b4 cxb4 19. Rfb1 Bf8 20. cxb4 Bb5 21. Rc1 Be7 22. a3 Qa6 23. Rc3 Kf8 24. Rac1 Kg7 25. Be1 Bd8 26. Nf2 Bb6 27. Bd2 Bd4 28. R3c2 h4 29. g4 Ng3+ 30. hxg3 Bxf2 31. Bf1 hxg3+ 32. Kg2 d4 33. f5 exf5 34. Bg5 Rh2+ 35. Kf3 fxg4+ 36. Ke4 Qe6 37. Bf6+ Kh7 38. Qd2 Bc6+ 39. Rxc6 bxc6 0-1

[Event "Capablanca Memorial op 51st"]
[Site "Varadero"]
[Date "2016.06.09"]
[Round "1"]
[White "Zavarce Sayago, Oscar Enrique"]
[Black "Llaudy Pupo, Lisandra"]
[Result "1-0"]
[WhiteElo "2389"]
[BlackElo "2285"]
[PlyCount "59"]
[EventDate "2016.06.09"]
[EventType "swiss"]
[EventRounds "10"]
[EventCountry "CUB"]
[SourceTitle "EXT 2017"]
[Source "ChessBase"]
[SourceDate "2016.10.25"]
[SourceVersion "1"]
[SourceVersionDate "2016.10.25"]
[SourceQuality "1"]

1. e4 c5 2. Nf3 Nf6 3. e5 Nd5 4. Nc3 e6 5. Nxd5 exd5 6. d4 Nc6 7. dxc5 Bxc5 8. Qxd5 Qb6 9. Bc4 Bxf2+ 10. Ke2 0-0 11. Rf1 Bc5 12. Ng5 Nd4+ 13. Kd1 Ne6 14. Ne4 Be7 15. a4 Qc6 16. Nd6 Bxd6 17. exd6 b6 18. Be3 Bb7 19. Qxc6 Bxc6 20. g4 Rac8 21. Ba6 Rce8 22. Kd2 Nc5 23. Bxc5 bxc5 24. Rae1 Re6 25. Rxe6 dxe6 26. Kc3 Rd8 27. Kc4 Bxa4 28. Kxc5 Rb8 29. Rf4 Bxc2 30. d7 1-0